| 000 | 00779nam a2200217Ia 4500 | ||
|---|---|---|---|
| 005 | 20150324122044.0 | ||
| 010 | _aBAC-CH25 | ||
| 020 |
_a9789350095416 _c295.00 |
||
| 035 | _aG-002981 | ||
| 035 | _aB-563992-019 | ||
| 037 |
_bTechniz/vender _adpl |
||
| 082 | _aS | ||
| 100 | _aRay, Sukumar | ||
| 245 |
_aThe Crazy Tales of Pagla Dashu and Co. / _cby Sukumar, Ray |
||
| 260 |
_c2012 _aGurgaon _bHachette India |
||
| 270 |
_a4th & 5th Floors, Corpoeate Centre, Plot No. 94, Sector 44, _bGurgaon _e122003 |
||
| 300 |
_a194p. _bill. _c17cm(pbk) |
||
| 942 |
_cCH _2ddc _mRAY _hS |
||
| 999 |
_c86136 _d86136 |
||